2025 NASCAR Cup Series Drivers - Statistics

General Stats
  • This quiz has been taken 67 times
    34 since last reset
  • The average score is 39 of 43
Answer Stats
# Team Answer % Correct
48 Hendrick Motorsports Alex Bowman
100%
2 Team Penske Austin Cindric
100%
23 23XI Racing Bubba Wallace
100%
9 Hendrick Motorsports Chase Elliott
100%
20 Joe Gibbs Racing Christopher Bell
100%
11 Joe Gibbs Racing Denny Hamlin
100%
22 Team Penske Joey Logano
100%
21 Wood Brothers Racing Josh Berry
100%
5 Hendrick Motorsports Kyle Larson
100%
4 Front Row Motorsports Noah Gragson
100%
1 Trackhouse Racing Ross Chastain
100%
12 Team Penske Ryan Blaney
100%
54 Joe Gibbs Racing Ty Gibbs
100%
45 23XI Racing Tyler Reddick
100%
3 Richard Childress Racing Austin Dillon
95%
6 R.F.K. Racing Brad Keselowski
95%
77 Spire Motorsports Carson Hocevar
95%
19 Joe Gibbs Racing Chase Briscoe
95%
17 R.F.K. Racing Chris Buescher
95%
41 Haas Factory Racing Cole Custer
95%
8 Richard Childress Racing Kyle Busch
95%
10 Kaulig Racing Ty Dillon
95%
24 Hendrick Motorsports William Byron
95%
43 Legacy Motor Club Erik Jones
91%
47 Hyak Motorsports Ricky Stenhouse Jr
91%
16 Kaulig Racing AJ Allmendinger
86%
51 Rick Ware Racing Cody Ware
86%
01* Rick Ware Racing Corey LaJoie
86%
99 Trackhouse Racing Daniel Suarez
86%
84* Legacy Motor Club Jimmie Johnson
86%
71 Spire Motorsports Michael McDowell
86%
35 23XI Racing Riley Herbst
86%
60 R.F.K. Racing Ryan Preece
86%
38 Front Row Motorsports Zane Smith
86%
42 Legacy Motor Club John Hunter Nemechek
82%
7 Spire Motorsports Justin Haley
82%
88 Trackhouse Racing Shane van Gisbergen
82%
34 Front Row Motorsports Todd Gilliland
82%
66* MBM Motorsports Chandler Smith
77%
56* Tricon Garage Martin Truex Jr
77%
40* JR Motorsports Justin Allgaier
68%
78* Live Fast Motorsports BJ McLeod
64%
87* Trackhouse Racing Connor Zilisch
59%
No matching quizzes found
Score Distribution
Percent of People with Each Score
Percentile by Number Answered
Your Score History
You have not taken this quiz since the last reset